| 000 | 00766nam a2200241 a 4500 | ||
|---|---|---|---|
| 005 | 20240928063802.0 | ||
| 008 | 140127s2011 mx r 000 0 spa d | ||
| 020 | _a9788415260110 (Anthropos) | ||
| 020 | _a9786074775617 (UAM-Cuajimalpa) | ||
| 035 | _aUPN01000195252 | ||
| 049 | _aCG | ||
| 050 | 4 |
_aHM753 _bI3.2 |
|
| 245 | 0 | 0 |
_aIdentidades : _bexplorando la diversidad / _ccoord. Akuavi Adonon. |
| 260 |
_aMéxico ; _aBarcelona, Esp. : _bAnthropos : _bUAM-Cuajimalpa, _c2011. |
||
| 300 | _a302 p. | ||
| 440 | 0 |
_aPensamiento crítico / Pensamiento utópico ; _v204 |
|
| 650 | 4 |
_aIdentidad de grupo _93843 |
|
| 650 | 2 |
_aEtnicidad _914176 |
|
| 650 | 4 |
_aESTUDIOS INTERCULTURALES _922051 |
|
| 700 | 1 |
_aAdonon, Akuavi, _ecoord. |
|
| 905 | _aLibro | ||
| 999 |
_c167353 _d167353 |
||